[Event "Tata Steel-A 77th"]
[Site "Wijk aan Zee"]
[Date "2015.01.11"]
[Round "2"]
[White "Carlsen, Magnus"]
[Black "So, Wesley"]
[Result "1/2-1/2"]
[WhiteElo "2862"]
[BlackElo "2762"]
[Annotator "Krasenkow,Michal"]
[PlyCount "68"]
[EventDate "2015.01.10"]
[EventType "tourn"]
[EventRounds "13"]
[EventCountry "NED"]
[EventCategory "20"]
[SourceTitle "CBM 165"]
[Source "ChessBase"]
[SourceDate "2015.03.11"]
[SourceVersion "1"]
[SourceVersionDate "2015.03.11"]
[SourceQuality "1"]

1. c4 Nf6 2. Nc3 e6 3. d4 Bb4 4. e3 O-O 5. Nge2 d5 6. a3 Be7 7. cxd5 exd5 8. g3 Nbd7 9. Bg2 Nb6 10. O-O Re8 ({RR} 10... a5 11. h3 Re8 12. g4 h6 13. Ng3 c6 14. f4 Nh7 15. b3 Bh4 16. Kh2 Bxg3+ 17. Kxg3 f5 18. a4 Be6 19. Bf3 Nc8 20. Ra2 Nd6 21. Rg2 Nf6 22. Kh2 b5 23. g5 hxg5 24. fxg5 Nh7 25. h4 {Ponomariov,R (2726)-Eljanov,P (2693) Kharkov 2009 1-0 (38)}) 11. b3 {The whole line is harmless, and the text move doesn't change the evaluation.} (11. Nf4 {is the most common continuation:} c6 12. b3 (12. f3 c5 $1 13. Kh1 Bf8 14. Re1 Bd7 15. Nd3 cxd4 16. exd4 Rxe1+ 17. Qxe1 Na4 18. Ne5 Rc8 19. Nxa4 Bxa4 20. Bd2 Nd7 {1/2 (20) Petrosian,T-Szabo,L Amsterdam/Leeuwarden 1956 Candidates [ChessBase]}) 12... Bd6 (12... Bf8 13. Nd3 a5 14. Ne5 Nfd7 15. Nd3 Nf6 16. Re1 Ne4 17. Bb2 Nxc3 18. Bxc3 a4 19. b4 Nc4 $132 {1/2 (71) Giorgadze,G-Emms,J (2500) Muenster 1995}) 13. Nd3 Bf5 14. Bb2 h5 15. h4 Qe7 16. Re1 Rad8 17. Ne2 Be4 18. Nef4 Bxg2 19. Kxg2 g6 20. f3 Qc7 21. Qc2 Nbd7 22. Re2 Re7 23. Rae1 Rde8 $11 {1/2 (40) Smyslov,V (2605)-Farago,I (2460) Szolnok 1975}) ({RR} 11. Qc2 Bd7 12. Nf4 c6 13. Rd1 Qc8 14. b3 Bf5 15. Qa2 h6 16. a4 a5 17. Ba3 Qd8 18. Nd3 Nbd7 19. Rab1 Bb4 20. Qb2 Bxd3 21. Rxd3 Qe7 22. Bxb4 Qxb4 23. Qc2 Qe7 24. Rdd1 Nb8 25. Qd2 Na6 {Poghosyan,S (2266)-Iljiushenok,I (2547) Ershovo RUS 2024 ½-½ (37)}) 11... h6 {Two other, more straightforward continuations, seen in practice long ago, are probably even more convincing:} (11... Bf5 $5 12. f3 c5 13. g4 Bg6 14. Nf4 cxd4 15. exd4 Rc8 16. Nxg6 hxg6 17. Qd3 Bd6 {'with the idea' h2, c7} 18. h3 Bb8 19. Bd2 Qd6 20. f4 Rcd8 $132 {0-1 (35) Vera Gonzalez Quevedo,R (2485)-Chandler,M (2560) Novi Sad 1990}) (11... a5 $5 12. a4 (12. Bd2 Bf5 13. a4 c6 14. f3 Bb4 15. Re1 h5 16. Nf4 Qd7 17. Bf1 Bd6 18. h4 Re7 19. Nce2 Qc7 20. Nc1 Nbd7 21. Ncd3 Rae8 $36 {1-0 (40) Bilek,I (2490)-Planinec,A (2510) Skopje 1971}) 12... Bb4 13. f3 Bf5 14. g4 Bg6 15. Bd2 h6 16. Re1 Bh7 17. Ng3 Nbd7 $15 {1/2 (33) Spassky,B-Petrosian,T Amsterdam/Leeuwarden 1956}) 12. Qc2 $146 ({RR} 12. a4 a5 13. Ba3 Bxa3 14. Rxa3 Qe7 15. Ra2 Bf5 16. Nf4 Rad8 17. Nd3 Bxd3 18. Qxd3 c6 19. Rb1 Nc8 20. Rab2 Nd6 21. h3 Nfe4 22. Nxe4 dxe4 23. Qc3 Qc7 24. b4 axb4 25. Qxb4 Ra8 26. Ra2 Ra5 {Vifleemskaia,S (1926)-Agamaliev,G (2485) Chess.com INT 2021 0-1 (60)}) ({RR} 12. a4 a5 13. Ba3 Bxa3 14. Rxa3 Qe7 15. Ra2 Bf5 16. Nf4 Rad8 17. Nd3 Bxd3 18. Qxd3 c6 19. Rb1 Nc8 20. Rab2 Nd6 21. h3 Nfe4 22. Nxe4 dxe4 23. Qc3 Qc7 24. b4 axb4 25. Qxb4 Ra8 26. Ra2 Ra5 {Vifleemskaia,S (1926)-Agamaliev,G (2485) Chess.com INT 2021 0-1 (60)}) 12... Bd7 13. a4 a5 14. Nf4 c6 15. Bb2 Bb4 16. Nd3 Bf5 17. Qd1 Bd6 {Black's pieces are placed very well, and it is difficult for White to get active play.} 18. Re1 Nbd7 19. Ba3 Bxa3 20. Rxa3 Nb8 $5 {[%csl Rb4][%cal Yb8a6]} 21. Ra2 Na6 22. Rae2 Re7 23. Ne5 Nb4 24. e4 {[%mdl 256] Probably a correct decision. White gets a slightly inferior position with an isolated central pawn but easily holds it.} dxe4 25. Nxe4 Bxe4 26. Bxe4 Nxe4 27. Rxe4 Qd5 28. R4e3 {It is important that Black's a5-pawn is vulnerable, and White can attack it by means of e5-c4.} b5 29. Ng4 Rxe3 30. Nxe3 Qe4 31. Ng4 Qc2 32. Ne3 Qe4 (32... Qxd1 33. Rxd1 Rd8 34. Kf1 $11 Nd5 35. Rc1 {[%csl Rc6]}) 33. Ng4 Qc2 34. Ne3 Qe4 1/2-1/2

[Event "Moscow Aeroflot op-A"]
[Site "Moscow"]
[Date "2004.02.24"]
[Round "8"]
[White "Carlsen, Magnus"]
[Black "Stefansson, Hannes"]
[Result "1-0"]
[WhiteElo "2484"]
[BlackElo "2572"]
[PlyCount "49"]
[EventDate "2004.02.17"]
[EventType "swiss"]
[EventRounds "9"]
[EventCountry "RUS"]
[SourceTitle "EXT 2023"]
[Source "ChessBase"]
[SourceDate "2022.10.05"]
[SourceVersion "1"]
[SourceVersionDate "2022.10.05"]
[SourceQuality "1"]

1. d4 Nf6 2. c4 e6 3. Nc3 Bb4 4. Nf3 c5 5. g3 Ne4 6. Qd3 Qa5 7. Qxe4 Bxc3+ 8. Bd2 Bxd2+ 9. Nxd2 O-O 10. Bg2 ({RR} 10. dxc5 Nc6 11. Bg2 b6 12. Qe3 Bb7 13. O-O Qxc5 14. Qxc5 bxc5 15. Rfd1 Rab8 16. Nb3 Ne5 17. Nxc5 Bxg2 18. Kxg2 Rxb2 19. Nxd7 Nxd7 20. Rxd7 Rc2 21. Rxa7 g5 22. a4 Rxe2 23. Rd1 Rc2 24. Rd4 Kg7 {Onischuk,A (2659)-Van Wely,L (2662) Tromsoe 2014 1-0 (36)}) 10... d6 ({RR} 10... Nc6 11. dxc5 Qxc5 12. O-O b5 13. Rfc1 bxc4 14. Qxc4 Qxc4 15. Nxc4 d5 16. Nb6 axb6 17. Rxc6 b5 18. Rc7 Rd8 19. e4 dxe4 20. Bxe4 Rb8 21. b3 b4 22. Rac1 Kf8 23. h4 h6 24. Ra7 Bd7 25. Rc4 {Pechac,J (2600)-Petrov,N (2567) Austria AUT 2025 ½-½ (35)}) 11. dxc5 $146 ({RR} 11. Qe3 cxd4 12. Qxd4 Rd8 13. O-O Nc6 14. Qe3 Qe5 15. Qxe5 Nxe5 16. f4 Ng4 17. Rf3 Bd7 18. Rd3 Bc6 19. Rd1 Bxg2 20. Kxg2 d5 21. Nf1 Nf6 22. Ne3 Re8 23. cxd5 exd5 24. Kf3 Re7 25. Nxd5 Nxd5 {Vassin,V-Ooi,C Moscow 1994 1-0 (55)}) ({RR} 11. Qe3 cxd4 12. Qxd4 Nc6 13. Bxc6 bxc6 14. O-O Rd8 15. Nb3 Qc7 16. c5 d5 17. f4 f6 18. Rf2 Re8 19. e4 e5 20. fxe5 Rxe5 21. exd5 Rxd5 22. Qf4 Qe7 23. Rd2 Re5 24. Rad1 Bh3 25. Qf3 Re8 {Salman,J (2240)-Antonio,R (2540) Hawaii 1998 0-1}) 11... dxc5 12. Qe3 Rd8 13. Rd1 Qc7 14. O-O Bd7 15. Qf4 e5 16. Qe3 Na6 17. Ne4 Bc6 18. Nc3 Rd4 19. Nb5 Bxb5 20. cxb5 Nb4 21. Qb3 a5 22. Rxd4 cxd4 23. a3 Qc2 24. Qxc2 Nxc2 25. Bxb7 1-0

[Event "FIDE World Cup 2023"]
[Site "Baku AZE"]
[Date "2023.08.05"]
[Round "3.1"]
[White "Carlsen, M.."]
[Black "Tari, A.."]
[Result "1-0"]
[WhiteElo "2835"]
[BlackElo "2641"]
[PlyCount "97"]
[EventDate "2023.07.30"]
[EventType "k.o."]

1. d4 Nf6 2. c4 e6 3. Nc3 Bb4 4. e3 O-O 5. Bd2 c5 6. a3 Bxc3 7. Bxc3 Ne4 8. Ne2 b6 9. d5 Ba6 10. f3 Nxc3 11. Nxc3 Bxc4 12. Bxc4 Qh4+ 13. g3 Qxc4 14. h4 exd5 $146 ({RR} 14... Na6 15. h5 Nc7 16. Rh4 Qa6 17. h6 g6 18. dxe6 Nxe6 19. Qd6 Qb7 20. Nd5 f6 21. O-O-O Rae8 22. Ra4 Rf7 23. f4 Qc6 24. Nc3 Nd4 25. Qxc6 Nxc6 26. e4 a5 27. Nb5 Rfe7 {½-½ (27) Klimkowski,J (2477)-Geirnaert,S (2419) Germany GER 2025}) 15. Nxd5 Nc6 16. b3 Qa6 17. Nc7 Qa5+ 18. b4 cxb4 19. Nxa8 bxa3+ 20. Qd2 Rxa8 21. Qxa5 Nxa5 22. Rxa3 Nc4 23. Ra6 Nxe3 24. Kf2 Nd5 25. Rha1 Kf8 26. Rxa7 Rxa7 27. Rxa7 Ke7 28. Rb7 h5 29. g4 g6 30. Rb8 Kd6 31. Kg3 f5 32. gxh5 gxh5 33. Rh8 f4+ 34. Kf2 Nf6 35. Ke2 Ke5 36. Kd3 d6 37. Rh6 d5 38. Rg6 b5 39. Rg5+ Ke6 40. Kc3 Nd7 41. Kd4 Nf6 42. Rg7 b4 43. Ra7 Ng8 44. Ra6+ Kf5 45. Kxd5 b3 46. Rb6 Ne7+ 47. Kc4 Ng6 48. Rxg6 Kxg6 49. Kxb3 1-0

[Event "Sinquefield Cup 2nd"]
[Site "Saint Louis"]
[Date "2014.08.30"]
[Round "4"]
[White "Carlsen, Magnus"]
[Black "Topalov, Veselin"]
[Result "1/2-1/2"]
[WhiteElo "2877"]
[BlackElo "2772"]
[Annotator "Finegold,Benjamin"]
[PlyCount "126"]
[EventDate "2014.08.27"]
[EventType "tourn"]
[EventRounds "10"]
[EventCountry "USA"]
[EventCategory "23"]
[SourceTitle "CBM 162"]
[Source "ChessBase"]
[SourceDate "2014.09.17"]
[SourceVersion "1"]
[SourceVersionDate "2014.09.17"]
[SourceQuality "1"]

1. d4 Nf6 2. c4 e6 3. Nc3 Bb4 4. Nf3 b6 5. Bd2 $5 {An unusual way to fight for an advantage.} Bb7 6. g3 c5 7. dxc5 Bxc5 8. Bg2 O-O 9. O-O Be7 10. Bf4 Na6 11. Nb5 d5 12. Ne5 Nc5 13. Rc1 a6 14. Nc3 dxc4 $146 {Diagram # White has nothing from the opening and the game is completely equal. Normally, this is where Magnus outplays his opponents, but, thus far, not in this event.} ({RR} 14... Rc8 15. cxd5 exd5 16. Nf3 Ne6 17. Be5 Ne4 18. Nd4 Nxc3 19. bxc3 Nxd4 20. Bxd4 b5 21. a4 Bc6 22. axb5 Bxb5 23. Ra1 Bc5 24. Re1 Re8 25. e3 Qd6 26. Bxc5 Qxc5 27. Qxd5 Qxd5 28. Bxd5 Rxc3 29. Bb7 {Wojtaszek,R (2727)-Navara,D (2734) Huaian 2016 ½-½ (79)}) 15. Bxb7 Nxb7 16. Qxd8 Raxd8 17. Nc6 $5 {Magnus does not want the equality offered by 17.Nxc4} Rde8 $5 (17... Rd7 18. Ne5 Rdd8 $11) 18. Rfd1 {Both sides decide to play for a win. Now Topalov is ahead a pawn, but his Rf8 is out of play and white may want to play Be5xf6 and penetrate with Rd7.} h6 19. e4 Bc5 $1 20. e5 {Diagram #} Nd5 $1 {Topalov plays very accurately and maintains equality by giving back the pawn.} 21. Nxd5 exd5 22. Rxd5 b5 $5 (22... Re6 23. Nd4 Bxd4 24. Rxd4 b5 $11) 23. Be3 $1 Bxe3 24. fxe3 Re6 25. Nd4 Rb6 26. b3 Rc8 27. Kg2 {Diagram #} Rc5 $1 {This temporary pawn sacrifice ensures black has no difficulties.} 28. Rxc5 Nxc5 29. bxc4 bxc4 30. Rxc4 Nd3 31. Rc8+ Kh7 32. e6 fxe6 33. Kf3 Kg6 {Now the game is just a draw. But Magnus goes a little too far and things get interesting!} 34. a4 e5 35. Nc6 Kf5 36. g4+ (36. e4+ Ke6 37. Nb8 a5 38. Rc6+ Rxc6 39. Nxc6 Nb2 40. Nxa5 Nxa4 $11) 36... Ke6 37. a5 Rb5 38. Rd8 $2 (38. Rg8 Kd6 39. Nd8 Ke7 40. Nc6+ Kd6 $11) 38... Nc5 39. h4 Rb1 40. Rg8 Kd6 {Time control was reached and only Topalov can play for a win now!} 41. Nb8 e4+ 42. Kg2 Rb2+ 43. Kf1 Rb5 44. Kf2 $6 (44. Ke2 Kc7 (44... Ne6 45. Nxa6 Rxa5 46. Nb4 Rb5 47. Nc2 $11 {And the Ke2 makes all the difference (with the Kf2, as played in the game, now 47...Rb2 wins)}) 45. Nxa6+ Nxa6 46. Rxg7+ Kc8 47. g5 $11) 44... Ne6 45. Rc8 Rxa5 (45... Rc5 {People got excited when they saw the computer evals, but this is also a draw...} 46. Rxc5 Nxc5 47. h5 Kc7 48. Nxa6+ Nxa6 49. Kg3 $11) 46. Rc6+ Kd5 47. Rxa6 Rxa6 48. Nxa6 Kc6 49. Nb4+ Kc5 50. Nc2 Kc4 51. Ke2 g5 52. hxg5 hxg5 53. Kd2 {White needs to be careful, but this is an easy draw for Magnus.} Nc5 54. Na3+ Kb4 55. Nc2+ Kc4 56. Na3+ Kd5 57. Nb5 Nd7 58. Nc3+ Ke5 59. Nd1 Nf6 60. Nf2 Kd5 61. Nh3 Nxg4 62. Nxg5 Nxe3 63. Nxe4 Ke5 1/2-1/2

[Event "Biel GM 45th"]
[Site "Biel"]
[Date "2012.07.24"]
[Round "2"]
[White "Carlsen, Magnus"]
[Black "Wang, Hao"]
[Result "1-0"]
[WhiteElo "2837"]
[BlackElo "2739"]
[Annotator "Krasenkow,Michal"]
[PlyCount "69"]
[EventDate "2012.07.23"]
[EventType "tourn"]
[EventRounds "10"]
[EventCountry "SUI"]
[EventCategory "21"]
[SourceTitle "CBM 150"]
[Source "ChessBase"]
[SourceDate "2012.09.14"]
[SourceVersion "1"]
[SourceVersionDate "2012.09.14"]
[SourceQuality "1"]

1. d4 Nf6 2. c4 e6 3. Nc3 Bb4 4. Qc2 O-O 5. Nf3 b6 6. e4 c5 $6 {A second-rate move.} (6... d5 {and}) (6... Bb7 {are more common continuations.}) 7. e5 (7. dxc5 Bxc5 (7... Bxc3+ $5 8. bxc3 e5) 8. e5 Ng4 9. Qe4 $6 {leads to big complications, quite satisfactory for Black:} (9. Bd3 $142 Nc6 $1 $13) 9... Nxf2 10. Qxa8 Nc6 11. Rg1 Qe7 {[%cal Rc8a6]} 12. Bg5 f6 13. exf6 gxf6 14. Bh4 Ng4 15. h3 {0-1 Toth,B (2405)-Olafsson,H (2370)/Thessaloniki 1984/EXT 1997 (36)} Bxg1 16. hxg4 Be3 $17) (7. a3 {is not dangerous either:} Bxc3+ $1 (7... cxd4 8. axb4 dxc3 9. e5 $36) (7... Ba5 8. e5) 8. bxc3 Bb7 9. Bd3 d5 10. cxd5 exd5 11. e5 Ne4 {, and Black is more or less OK}) ({RR} 7. Bd3 cxd4 8. Nxd4 Nc6 9. Nxc6 dxc6 10. e5 Ng4 11. Bf4 Qd4 12. Bg3 Nxe5 13. Bxh7+ Kh8 14. Rd1 Qc5 15. O-O Nxc4 16. Ne4 Ne3 17. Qb3 Qa5 18. Qxe3 Kxh7 19. a3 Be7 20. Bd6 Bxd6 21. Rxd6 Qf5 {Sarana,A (2685)-Vaibhav,S (2588) chess.com INT 2023 1-0 (40)}) ({RR} 7. d5 exd5 8. exd5 Re8+ 9. Be2 Ba6 10. Be3 d6 11. Rd1 Nbd7 12. O-O Bxc3 13. bxc3 h6 14. h3 Nf8 15. Bd3 g5 16. Rde1 Kg7 17. Nd2 Ng6 18. a4 Re7 19. Nf3 Qd7 20. Bd2 Rae8 21. Rxe7 Rxe7 {Sinha,S (2299)-Mandiza,F (2380) New York USA 2024 ½-½}) 7... Ne8 (7... cxd4 8. a3 $1 (8. Nxd4 Ne8 9. Bd3 (9. Qe4 Nc6 10. Nxc6 dxc6 11. Bd3 f5 12. exf6 Nxf6 13. Qe2 e5 $132 {1/2 Kouatly,B (2460)-Miralles,G (2365)/Montpellier 1985/EXT 1999 (35)}) 9... f5 10. exf6 Nxf6 11. Bg5 (11. O-O Bb7 12. Bg5 h6 13. Bh4 Nc6 14. Nxc6 Bxc6 15. Rad1 Rc8 {1/2 Brglez,R (2285)-Horvath,S (2320)/Austria 1995/EXT 1998 (25)} 16. a3 Be7 17. Bg3 $14 {/=}) 11... h6 12. Bh4 Bb7 13. O-O-O {1-0 Gausel,E (2490)-Bern,I (2360)/Gausdal 1995/EXT 1998 (62)} Qc8 14. Kb1 $14) 8... Bxc3+ $142 (8... dxc3 9. axb4 cxb2 (9... Ne8 10. Qxc3 (10. Bd3 $1) 10... f6 11. Be2 Bb7 12. O-O fxe5 13. Nxe5 d6 14. Nf3 Qf6 15. Qxf6 gxf6 16. Nd4 $16 Nc7 17. Bh6 Re8 18. Ra3 Kh8 19. Rfa1 Rg8 20. f3 a6 21. b5 a5 22. b4 axb4 23. Rxa8 Bxa8 24. Ra7 Rc8 25. Bg7+ Kg8 26. Bxf6 Kf7 27. Bg5 e5 28. Nf5 {1-0 Erdos,V (2597)-Bruedigam,M (2317)/Deizisau 2011/CBM 141 Extra}) 10. Bxb2 Ne8 11. Bd3 f5 12. exf6 Nxf6 13. Ng5 (13. b5 $5 {[%csl Ra8,Rb8]} Bb7 14. Ng5) 13... h6 14. Nh7 Nc6 $1 (14... Nxh7 15. Bxh7+ Kh8 16. Bxg7+ $1 Kxg7 17. Qg6+ Kh8 18. Qxh6 Rf6 19. Bg6+ Kg8 20. Ra3 $18) 15. Nxf8 Nxb4 16. Qd2 Qxf8 17. O-O Bb7 18. Ba3 a5 19. Bxb4 axb4 20. Rxa8 Qxa8 21. f3 $16 {1-0 Sakalauskas,V (2437)-Sulskis,S (2570)/Vilnius 2004/CBM 100 ext (62)}) 9. bxc3 Ne8 10. Bd3 (10. cxd4 $5 Bb7 11. Be2 $14) 10... h6 11. Bh7+ (11. a4 $5) 11... Kh8 12. Be4 Nc6 13. cxd4 Bb7 14. Be3 d6 $132 {1/2 Corke,A (2216)-Pokorna,R (2338)/Rijeka 2006/CBM 111 ext (58)}) 8. d5 (8. Bg5 f6 9. exf6 Nxf6 10. dxc5 {1-0 Tomaszewski,R (2405)-Szymczak,Z (2335)/Gdynia 1985/EXT 2001 (41)} Bxc3+ $1 11. bxc3 Bb7 12. Bd3 h6 $44) (8. Bd3 {may be the most accurate:} f5 (8... h6 $5) 9. Bg5 (9. exf6 Nxf6 10. O-O cxd4 11. Ne4 h6 12. Nxd4 Na6 13. a3 Be7 14. b4 Bb7 15. Bb2 Nc7 16. Rfe1 $14 {1/2 Panno,O (2485)-Galliamova,A (2400)/Aruba 1992/CBM 033 (49)}) (9. d5 $5) 9... Qc7 10. d5 d6 11. O-O-O (11. O-O $142 $16) 11... Bxc3 (11... dxe5 $142 12. Nb5 Qb7 13. Nxe5 a6 14. Nc3 b5) 12. Qxc3 exd5 13. cxd5 $16 {1-0 Vera Gonzalez Quevedo,R (2535)-Aleksic,N (2445)/Porto San Giorgio 1998/EXT 2000 (23)}) 8... exd5 $146 ({RR} 8... d6 9. Bg5 f6 10. exf6 Nxf6 11. dxe6 Bxe6 12. Bd3 h6 13. Bh4 Nc6 14. O-O-O Bxc3 15. Qxc3 Qc8 16. Rhe1 d5 17. Bxf6 Rxf6 18. cxd5 Bxd5 19. Kb1 Bxf3 20. gxf3 Nd4 21. Be4 Rb8 22. Qc4+ Kh8 23. Re3 {Easton,J (2175)-Gago Padreny,I (2289) Chess.com INT 2020 0-1 (48)}) ({RR} 8... d6 9. Bg5 f6 10. exf6 Nxf6 11. dxe6 Bxe6 12. Bd3 h6 13. Bh4 Nc6 14. O-O-O Bxc3 15. Qxc3 Qc8 16. Rhe1 d5 17. Bxf6 Rxf6 18. cxd5 Bxd5 19. Kb1 Bxf3 20. gxf3 Nd4 21. Be4 Rb8 22. Qc4+ Kh8 23. Re3 {Easton,J (2175)-Gago Padreny,I (2289) Chess.com INT 2020 0-1 (48)}) 9. cxd5 d6 10. Bg5 (10. Bd3 $5 dxe5 11. Bxh7+ Kh8 12. Bd3 Nd6 13. O-O $14 {[%csl Rh8]}) 10... f6 11. exf6 Nxf6 12. O-O-O $5 (12. Be2 $14 {[%cal Ye1g1]}) 12... Bxc3 13. bxc3 Bg4 {Black has survived the most difficult times and obtained a decent position. However, he now once again plays inaccurately.} (13... Na6 $142 {[%cal Ya6c7] to cover the e6-square.}) 14. Re1 Bxf3 (14... Nbd7 15. Nh4 $1 Bh5 16. Nf5 Bg6 17. Ne7+ Qxe7 18. Rxe7 Bxc2 19. Kxc2 Rae8 20. Re6 $1 Ne4 21. Be3 $14) 15. gxf3 Nbd7 16. Bd3 h6 17. Bf4 c4 $1 {Black correctly looks for queenside counterplay but has he got enough time?} 18. Bf5 Nc5 (18... Nxd5 19. Bxh6 $1 gxh6 20. Rhg1+ Kh8 21. Qd2 Qh4 22. Qxd5 $16 Qf4+ $140 23. Kb2 Qxf5 24. Re6 Qf4 25. Qd4+ $1 $18) 19. Rhg1 {[%mdl 128]} Kh8 20. Rg6 Rf7 21. Reg1 $6 (21. Bxh6 gxh6 22. Rxh6+ Nh7 23. Rxh7+ Rxh7 24. Bxh7 Qf6 {, and Black consolidates his position.}) (21. Qd2 $142 $1 Qf8 $1 22. Qd4 $16 (22. Bxh6 $143 Nd3+ 23. Bxd3 cxd3)) 21... Qf8 22. Be3 Nxd5 $2 {Greediness is punished! Black could have successfully defended by means of} (22... Nh5 $1 23. Be4 (23. Be6 Rf6) 23... Nf4 (23... Nd7 $5)) 23. Bd4 (23. Bxc5 dxc5 (23... Rxf5 24. Bd4) 24. Be6 {, winning an exchange, was also possible, e.g.} Nf4 25. Bxf7 Qxf7 26. Rxg7 Nd3+ 27. Kb1 Qxg7 28. Rxg7 Kxg7 29. Qa4 $1 {, and Black's fortress can hardly be held.}) 23... Nf6 24. Qd2 Re8 25. Rxg7 Qxg7 26. Rxg7 Kxg7 27. Qf4 Nd3+ 28. Bxd3 cxd3 29. Kd2 Kg6 30. Kxd3 Re6 31. h4 Rfe7 $2 {[%mdl 8192]} (31... Rh7 $1 {was the only way to avoid further material losses although White should win in the long run.}) 32. h5+ $1 Kf7 33. Qf5 {[%cal Rf5g6]} Re5 34. Qg6+ Ke6 35. f4 {The capitulation was a bit premature. Black probably didn't see the only defence} (35. f4 Rd7 $8 (35... Rf5 $2 36. Bxf6 Rxf6 37. f5+ Ke5 38. f4+) {although his position after} 36. fxe5 (36. Qxh6 $5 Rf5 37. Qg6 Rxf4 38. h6) 36... dxe5 37. Qxh6 exd4 38. cxd4 Rd5 39. Qe3+ Kf7 40. h6 {is surely lost.}) 1-0

[Event "FIDE World Cup"]
[Site "Krasnaya Polyana"]
[Date "2021.07.24"]
[Round "4.4"]
[White "Carlsen, Magnus"]
[Black "Wojtaszek, Radoslaw"]
[Result "1-0"]
[WhiteElo "2847"]
[BlackElo "2691"]
[PlyCount "95"]
[EventDate "2021.07.12"]
[EventType "k.o."]
[EventRounds "8"]
[EventCountry "RUS"]
[SourceTitle "CBM 203"]
[Source "ChessBase"]
[SourceDate "2021.08.31"]
[SourceVersion "1"]
[SourceVersionDate "2021.08.31"]
[SourceQuality "1"]

1. d4 Nf6 2. c4 e6 3. Nc3 Bb4 4. e3 O-O 5. Bd3 c5 6. Nge2 d5 7. cxd5 cxd4 8. exd4 Nxd5 9. O-O Nc6 10. Nxd5 exd5 11. Nf4 Bd6 12. Be3 Bxf4 13. Bxf4 Qf6 14. Be3 Nb4 $146 ({RR} 14... Bf5 15. Be2 Rfe8 16. Qd2 Re6 17. Rfe1 Rae8 18. b4 h6 19. Bf1 Qh4 20. Rad1 a6 21. a4 Qe7 22. b5 axb5 23. Bxb5 h5 24. h3 g5 25. Qa2 Be4 26. Bc1 g4 27. hxg4 Bxg2 28. Rxe6 Qxe6 29. Qe2 {Milikow,Y (2429)-Ayush,S (2158) Dubai 2022 ½-½ (43)}) ({RR} 14... Bf5 15. Rc1 Bxd3 16. Qxd3 Rfe8 17. Rfd1 Re7 18. a3 Rae8 19. h3 h6 20. Rc5 Rd7 21. b4 b6 22. Rc2 Ne7 23. Bc1 Nf5 24. Qf3 Re4 25. Bb2 Qe6 26. b5 Re7 27. a4 Nh4 28. Qg3 Ng6 29. Bc1 {Milov,V (2652)-Anand,V (2788) Bastia 2005 1-0 (46)}) 15. Bb1 Bf5 16. Qb3 Bxb1 17. Raxb1 Qd6 18. a3 Na6 19. Rbc1 Qd7 20. Bf4 Rac8 21. Qg3 f6 22. h4 Rxc1 23. Rxc1 Rc8 24. Rxc8+ Qxc8 25. b4 b5 26. h5 Qd7 27. Qf3 h6 28. Qc3 Qf5 29. g3 Qd7 30. Qc2 Kf8 31. Qh7 Nc7 32. Bxh6 Qg4 33. Be3 Ne6 34. Qh8+ Kf7 35. Qc8 Qe4 36. Qd7+ Kg8 37. Qxa7 Ng5 38. Bxg5 Qe1+ 39. Kg2 Qe4+ 40. Kh2 fxg5 41. Qb8+ Kf7 42. Qc7+ Kf6 43. Qd6+ Kf7 44. Qg6+ Qxg6 45. hxg6+ Kxg6 46. g4 Kf6 47. Kg3 Ke6 48. Kf3 1-0

[Event "Titled Tue 8th Apr Late"]
[Site "chess.com INT"]
[Date "2025.04.08"]
[Round "7"]
[White "Carlsen, M.."]
[Black "Yoo, Christopher Woojin"]
[Result "1-0"]
[WhiteElo "2837"]
[BlackElo "2588"]
[PlyCount "79"]
[EventDate "2025.04.08"]

1. d4 Nf6 2. c4 e6 3. Nc3 Bb4 4. Nf3 O-O 5. e3 d5 6. Bd3 dxc4 7. Bxc4 c5 8. O-O Nc6 9. a3 Ba5 10. h3 Qe7 ({RR} 10... a6 11. dxc5 Bxc3 12. bxc3 Qe7 13. a4 Qxc5 14. Qe2 Rd8 15. e4 Ne5 16. Nxe5 Qxe5 17. f3 Bd7 18. Be3 Qxc3 19. Rfc1 Qe5 20. Qe1 Bc6 21. Bf1 h6 22. Rc5 Qc7 23. a5 Qe7 24. Rc2 Nd7 25. Qg3 {Sarana,A (2695)-Caruana,F (2804) chess.com INT 2024 1-0 (46)}) 11. Qe2 ({RR} 11. Qc2 cxd4 12. exd4 Rd8 13. Rd1 h6 14. Ba2 Bd7 15. Ne4 Bb6 16. Bb1 Nxe4 17. Qxe4 f5 18. Qe3 e5 19. Nxe5 Nxe5 20. Ba2+ Kf8 21. Bd2 Nc6 22. Qb3 Be6 23. Qxe6 Qxe6 24. Bxe6 Rxd4 25. Bc3 Re4 {Bluebaum,M (2660)-Wagner,D (2616) Munich GER 2025 1-0 (77)}) 11... Rd8 12. Rd1 h6 $146 ({RR} 12... Bd7 13. Bd2 cxd4 14. exd4 h6 15. Bd3 Be8 16. Be3 Rac8 17. Rac1 Qd6 18. Bb1 a6 19. Qd3 Ne7 20. Ne4 Nxe4 21. Qxe4 Nf5 22. Bf4 Rxc1 23. Rxc1 Qd5 24. Qxd5 Rxd5 25. Be4 Nxd4 26. Bxd5 Ne2+ 27. Kh2 {Andreikin,D (2729)-Hnydiuk,A (2363) chess.com INT 2023 ½-½ (39)}) ({RR} 12... a6 13. dxc5 Bxc3 14. Rxd8+ Nxd8 15. bxc3 Qxc5 16. e4 {½-½ (16) Budisavljevic,L (2501)-Batsuren,D (2531) Saint Louis USA 2024}) 13. Na4 cxd4 14. exd4 Bc7 15. Be3 Nd5 16. Rac1 Nxe3 17. fxe3 e5 18. Nc3 exd4 19. Nd5 Qd6 20. Nxc7 Qxc7 21. exd4 Qd6 22. d5 Ne7 23. Re1 Ng6 24. Qf2 Bd7 25. Nd2 Qb6 26. Ne4 Qxf2+ 27. Kxf2 Be8 28. Bb3 Ne5 29. Nc5 Ng6 30. Nxb7 Rdb8 31. Rc7 Nf4 32. Ree7 a5 33. d6 a4 34. Rxe8+ Rxe8 35. Bxf7+ Kf8 36. Bxe8 Rxe8 37. d7 Nd3+ 38. Kg1 Nxb2 39. Rc8 Rxc8 40. dxc8=Q+ 1-0